| 000 | 00465nam a2200193Ia 4500 | ||
|---|---|---|---|
| 999 |
_c39835 _d39835 |
||
| 003 | 0100 | ||
| 005 | 20180504123212.0 | ||
| 008 | 130303s9999 xx 000 0 und d | ||
| 040 | _cARRUPELIB | ||
| 050 | _aPR6045.L48Z681965 | ||
| 100 |
_aBarfield, Owen _941671 |
||
| 245 |
_aLight on C.S. Lewis _cOwen Barfield et al... |
||
| 260 |
_bGeoffrey Bles _aLondon _c1965 |
||
| 300 | _a160p | ||
| 600 |
_aLewis, Clive Staples _940132 |
||
| 942 |
_2lcc _cMONOGRAPH |
||